Statistics for 20 Oldest airlines still operating

Click here to take the quiz!

General Stats

  • This quiz has been taken 68 times
  • The average score is 5 of 20

Answer Stats

year formedAnswer% Correct
1919KLM
84%
1920Qantas
64%
1924Delta
59%
1923Aeroflot
51%
1927Iberia
49%
1929LOT
39%
1919Avianca
30%
1932Air India
28%
1923Finnair
18%
1929LAN
15%
1929Hawaiian
13%
1933Egypt Air
11%
1923Czech
10%
1927Air Serbia
10%
1929Aeropostal
8%
1924Tajik Air
7%
1929Wiggins
7%
1929Cubana
7%
1931TACA
7%
1927Grand Canyon
5%

Score Distribution

Percentile by Number Answered

Percent of People with Each Score

Your Score History

You have not taken this quiz